| 000 | 00000nam##2200000za#4500 |
| 001 | 9.598844 |
| 003 | CaOODSP |
| 005 | 20210624204750 |
| 007 | cr ||||||||||| |
| 008 | 150406|1997||||xxc|||||o f|0| 0 fre|d |
| 040 | |aCaOODSP|bfre |
| 043 | |an-cn--- |
| 086 | 1 |aBT31-2/1998-III-12F-PDF |
| 110 | 1 |aCanada. |bConseil du trésor. |
| 245 | 10|aCommission de l'immigration et du statut de réfugié, budget des dépenses 1997-1998, un rapport sur les plans et les priorités, document pilote, accordé |h[ressource électronique] |
| 260 | |aOttawa - Ontario : |bSecrétariat du Conseil du Trésor du Canada |cc1997. |
| 300 | |a28p.|bgraphiques, tableaux |
| 490 | 1 |aBudget des dépenses 1997-1998. Partie III, Plan de dépenses |
| 500 | |aLe n° de catalogue (BT31-2/1998-III-12) et l'ISBN (0-660-60070-6) de l'édition imprimée bilingue sont incorrectement copiés dans cette édition PDF. |
| 590 | |a10-06-Supp|b2010-07-26 |
| 775 | 08|tImmigration and Refugee Board, 1997-98 estimates, a report on plans and priorities, pilot document, approved |w(CaOODSP)9.567510 |
| 776 | 0#|tImmigration and Refugee Board of Canada |w(CaOODSP)9.527974 |
| 776 | 0#|tCommission de l'immigration et du statut de réfugié du Canada |w(CaOODSP)9.527975 |
| 830 | #0|aBudget des dépenses 1997-1998. Partie III, Plan de dépenses.|w(CaOODSP)9.502512 |
| 856 | 40|ahttp://publications.gc.ca|qPDF|s524 Ko|uhttps://publications.gc.ca/collections/Collection/BT31-2-1998-III-12F.pdf |